000 01506cad a22002295a 4500
001 E149600
008 100324e20100223xxk f f000 0 eng d
035 _a(Sirsi) u149600
041 0 _aeng
050 0 4 _a333.33 $2 18
110 1 _aUnited Kingdom
_bParliament
_bHouse of Commons
_bBusiness, Innovation and Skills Committee
_95833
245 0 0 _aPub companies, follow-up
_bfifth report of session 2009-10
_h[electronic resource]
260 _aLondon
_bUK Parliament
_c2009
505 2 _aSummary -- Introduction -- BBPA Framework Code of Practice -- Policing of the Codes -- RICS guidance on pub rental valuations -- The Pubs Independent Rent Review Scheme (PIRRS) and dispute resolution -- Choice to go free of tie -- Conclusion
520 _aA follow-up on the Committee's report of 2009 (see E148332), which examined the relationship between lessees and pub companies, and whether this provides value for money for landlords and customers. Suggests that this is the last chance for the industry to embark on self-regulated reform, and that if no action is taken by June 2011, then government intervention will be necessary.
521 _aAdvanced
590 _aKA
651 4 _aUnited Kingdom
_y
690 _aPROPERTY-COMMERCIAL PROPERTY-LEISURE PROPERTY-REFRESHMENT AND CULINARY PROPERTY-LICENSED PROPERTY-LICENSED PREMISES
856 4 0 _uhttps://www.publications.parliament.uk/pa/cm200910/cmselect/cmbis/138/13803.htm
_zView the item free of charge at www.publications.parliament.uk
942 _n0
999 _c110555
_d110555